Europäische Gemeinschaft Institutionelles System, Binnenmarkt sowie Wirtschafts- und Währungsunion auf der Grundlage des Maastrichter Vertrages
Uložené v:
| Hlavný autor: | |
|---|---|
| Médium: | Kniha |
| Jazyk: | German |
| Vydavateľské údaje: |
München
Oldenbourg
1993
|
| Vydanie: | 1. Aufl. |
| Predmet: | |
| Tagy: |
Žiadne tagy, Buďte prvý, kto otaguje tento záznam!
|
MARC
| LEADER | 00000nam a2200000 4500 | ||
|---|---|---|---|
| 001 | c003865 | ||
| 005 | 20221206075458.4 | ||
| 020 | |a 3-486-22184-1 | ||
| 041 | 0 | |a ger | |
| 044 | |a DE | ||
| 245 | 1 | 0 | |a Europäische Gemeinschaft |b Institutionelles System, Binnenmarkt sowie Wirtschafts- und Währungsunion auf der Grundlage des Maastrichter Vertrages |c Josef Weindl |
| 250 | |a 1. Aufl. | ||
| 264 | 1 | |a München |b Oldenbourg |c 1993 | |
| 300 | |a 352 s. | ||
| 610 | 2 | 0 | |a Európske spoločenstvá |
| 610 | 2 | 0 | |a Európa |
| 610 | 2 | 0 | |a Európska menová únia |
| 610 | 2 | 0 | |a Maastricht |
| 610 | 2 | 0 | |a trh vnútorný |
| 610 | 2 | 0 | |a únie menové |
| 610 | 2 | 0 | |a EHS |
| 610 | 2 | 0 | |a EZVO |
| 610 | 2 | 0 | |a Európska rada |
| 610 | 2 | 0 | |a financovanie |
| 610 | 2 | 0 | |a právo medzinárodné |
| 610 | 2 | 0 | |a Nemecko |
| 610 | 2 | 0 | |a ochrana spotrebiteľa |
| 610 | 2 | 0 | |a politika hospodárska |
| 610 | 2 | 0 | |a konkurencia |
| 610 | 2 | 0 | |a živnosti |
| 100 | 1 | |a Weindl, Josef | |